Villes de Belgique - mort subite - Statistiques

Statistiques générales
  • Ce quiz a été pris 1 125 fois
  • Le résultat moyen est 10 sur 18
Answers on the Grid
Answers color-coded by a green-red scale on the quiz's grid according to % correct below.
Bruxelles
Bois-le-Duc
Dunkerque
Ypres
Charleroi
Namur
Middelbourg
Tourcoing
Louvain
Nimègue
Ostende
Liège
Arras
Bruges
Maubeuge
Dinan
Hasselt
Charleville-Mézières
Mons-en-Barœul
Anvers
Gand
Bréda
Calais
Esch-sur-Alzette
Anderlecht
La Haye
Turnhout
Dinant
Malines
Sedan
Courtrai
Maastricht
Saint-Nicolas
Mons
 
Statistiques - réponses
Réponse % Correct
Bruxelles
99%
Charleroi
89%
Namur
77%
Louvain
76%
Bruges
73%
Liège
73%
Gand
61%
Ostende
57%
Anderlecht
56%
Anvers
55%
Mons
52%
Ypres
51%
Hasselt
47%
Malines
46%
Courtrai
43%
Saint-Nicolas
37%
Dinant
34%
Turnhout
24%
Aucun quiz correspondant
Distribution des résultats
% des personnes avec chaque résultat
Percentile par nombre de réponses
Votre historique - résultats
Vous n’avez pas pris ce quiz